Mine Sweeper - Statistics

General Stats
  • This quiz has been taken 479 times
  • The average score is 2 of 28
Answers on the Grid
Answers color-coded by a green-red scale on the quiz's grid according to % correct below.
?
?
?
?
?
?
?
?
?
?
?
?
?
?
?
?
?
?
?
?
?
?
?
?
?
?
?
?
?
?
?
?
?
?
?
?
?
?
?
?
?
?
?
?
?
?
?
?
?
?
?
?
?
?
?
?
?
?
?
?
?
?
 
Answer Stats
Answer % Correct
?
36%
?
34%
?
28%
?
27%
?
27%
?
16%
?
10%
?
8%
?
8%
?
7%
?
5%
?
5%
?
4%
?
3%
?
3%
?
3%
?
3%
?
2%
?
2%
?
2%
?
2%
?
1%
?
1%
?
1%
?
1%
?
1%
?
1%
?
0%
No matching quizzes found
Score Distribution
Percent of People with Each Score
Percentile by Number Answered
Your Score History
You have not taken this quiz